Normal view
MARC view
- MG Shah
Entry Personal Name
001 - CONTROL NUMBER
- control field: 26133
003 - CONTROL NUMBER IDENTIFIER
- control field: NUST
005 - DATE AND TIME OF LATEST TRANSACTION
- control field: 20191125124044.0
008 - FIXED-LENGTH DATA ELEMENTS
- fixed length control field: 191125|| aca||aabn | a|a d
040 ## - CATALOGING SOURCE
- Original cataloging agency: NUST
- Transcribing agency: NUST
100 ## - HEADING--PERSONAL NAME
- Personal name: MG Shah
670 ## - SOURCE DATA FOUND
- Source citation: Work cat.: (NUST): MG Shah, Building Drawing with an Integrated Approach to Built Environment, c2013
